Kadra Polski na Mistrzostwa Europy 2012 - Statystyki

Ogólne statystyki
  • Ten quiz został rozwiązany 52 razy
  • Średni wynik to 15 z 24
Statystyki odpowiedzi
Pozycja Numer Odpowiedź % Poprawnych
Napastnik 9 Robert Lewandowski
100%
Bramkarz 1 Wojciech Szczęsny
100%
Pomocnik 16 Jakub Błaszczykowski
96%
Obrońca 20 Łukasz Piszczek
96%
Bramkarz 22 Przemysław Tytoń
91%
Trener - Franciszek Smuda
83%
Pomocnik 21 Kamil Grosicki
81%
Pomocnik 10 Ludovic Obraniak
72%
Obrońca 2 Sebastian Boenisch
70%
Obrońca 15 Damien Perquis
66%
Obrońca 13 Marcin Wasilewski
64%
Pomocnik 7 Eugen Polanski
62%
Obrońca 14 Jakub Wawrzyniak
62%
Pomocnik 8 Maciej Rybus
60%
Pomocnik 18 Adrian Mierzejewski
51%
Pomocnik 11 Rafał Murawski
51%
Napastnik 23 Paweł Brożek
49%
Pomocnik 5 Dariusz Dudka
47%
Napastnik 17 Artur Sobiech
38%
Bramkarz 12 Grzegorz Sandomierski
34%
Pomocnik 6 Adam Matuszczyk
30%
Obrońca 4 Marcin Kamiński
28%
Obrońca 3 Grzegorz Wojtkowiak
23%
Pomocnik 19 Rafał Wolski
19%
Nie znaleziono quizów pasujących do podanych kryteriów
Rozkład punktacji
Procent ludzi z każdym wynikiem
Percentyl według liczby udzielonych odpowiedzi
Twoja historia wyników
Nie rozwiązałeś tego quizu